00000000nam##2200000za#4500
0019.536787
003CaOODSP
00520210615084435
007ta
008150406|2002||||xxc|||||     f|0| 0 fre|d
020 |a0-660-62100-2
040 |aCaOODSP|bfre
041 |aeng
041 |afre
043 |an-cn---
0861 |aBT31-4/32-2002
1101 |aCanada. |bConseil du trésor.
24510|aCitoyenneté et Immigration Canada
260 |aOttawa - Ontario : |bSecrétariat du Conseil du Trésor du Canada |c2002.
300 |a53p. : |bgraphiques, organigramme, tableaux ; |c28 cm.
4901 |aRapport sur le rendement pour la période se terminant le 31 mars 2002
563 |aCouverture souple
590 |a02-46|b2002-11-15
69107|aCitoyenneté|2gcpds
69107|aImmigrant|2gcpds
69107|aPrévisions budgétaires|2gcpds
7760#|tCitizenship and Immigration Canada, performance report for the period ending March 31, 2002 |w(CaOODSP)9.572961
7760#|tCitoyenneté et Immigration Canada, rapport sur le rendement pour la période se terminant le 31 mars 2002 |w(CaOODSP)9.603205
791 |tCitizenship and Immigration Canada |eeng|w(CaOODSP)9.536786
830#0|aRapport sur le rendement pour la période se terminant le 31 mars 2002.|w(CaOODSP)9.510739